3114-御坊市(和歌山県)の駅 - Statistics

General Stats
  • This quiz has been taken 4 times
  • The average score is 5 of 6
Answer Stats
Answer % Correct
御坊
100%
西御坊
100%
学門
75%
紀伊御坊
75%
市役所前
75%
道成寺
50%
No matching quizzes found
Score Distribution
Percent of People with Each Score
Percentile by Number Answered
Your Score History
You have not taken this quiz